000 01535cam a2200397 i 4500
003 EG-GICUC
005 20260514134605.0
008 971219s1999 nyua frb 000 0 eng d
020 _a0195120140
_qcloth : alk. paper
020 _a0195120159
_qpbk. : alk. paper
020 _a9780195120141
_q(cloth : alk. paper)
020 _a9780195120158
_q(pbk. : alk. paper)
040 _aDLC
_cDLC
_dDLC
_dEG-GICUC
_beng
_erda
043 _an-us---
050 0 0 _aHD2795
_b.A64 1999
082 0 0 _a338.8073
_221
092 0 4 _221
099 _aLaw 13 1999
245 0 4 _aThe antitrust revolution :
_beconomics, competition, and policy /
_c[edited by] John E. Kwoka, Jr., Lawrence J. White.
250 _a3rd edition.
264 _aNew York :
_bOxford University Press,
_c1999.
300 _axv, 475 pages :
_billustrations ;
_c25 cm.
336 _atext
_2rdacontent
337 _aComputer
_2rdamedia
338 _aOnline Resource
_2rdacarrier
504 _aIncludes bibliographical references.
650 0 _aTrusts, Industrial
_xGovernment policy
_zUnited States
_xCase studies.
650 0 _aAntitrust law
_xEconomic aspects
_zUnited States
_xCase studies.
700 1 _aKwoka, John E.
700 1 _aWhite, Lawrence J.
856 4 2 _uhttps://fll.law.cu.edu.eg/fulltext/bks/ENGB13-00141.pdf
856 4 2 _3Publisher description
_uhttp://www.loc.gov/catdir/enhancements/fy0636/97052203-d.html
856 4 1 _3Table of contents only
_uhttp://www.loc.gov/catdir/enhancements/fy0638/97052203-t.html
905 _a10
942 _2ddc
_cBK
_e21
_n0
999 _c76890
_d76890